Представление документа в формате MARC21

Поле Инд. ПП Название Значение
Тип записи a
Библиографический уровень m
001 Контрольный номер RU/IS/BASE/450875614
005 Дата корректировки 20220802161548.6
020 a ISBN 978-985-6874-33-1
c Цена, тираж 30000-00
040 b Код языка каталог. rus
041 0_ a Код языка текста rus
080 a Индекс УДК 005.591.6
084 a Индекс другой классификации/Индекс ББК 65.298
090 a Полочн. индекс 65
c Каталожный индекс 65.298
x Авторский знак В60
097 b Оператор 02
245 10 a Заглавие Внешнеэкономический фактор в стратегии инновационного развития России и Беларуси
c Ответственность Е. Б. Ленчук [и др.] ; под ред. И. В. Войтова
260 a Место издания Минск
b Издательство БелИСА
c Дата издания 2012
300 a Объем 288 с.
510 a Примечание о ссылках Книги и методические пособия
650 a Основная рубрика 06.54 Производительные силы и научно-технический прогресс
x Основная подрубрика 06.54.31 Научно-технический прогресс. Новые технологии. Нововведения. Исследования и разработки
650 14 a Основная рубрика 06.51 Мировое хозяйство. Международные экономические отношения
x Основная подрубрика 06.51.51 Международные экономические отношения
653 a Ключевые слова внешнеэкономическая деятельность; экономика Беларуси; экономика России; инновации
901 t Тип документа m